Sports Quiz

Random Sports or Football Quiz
Score 0/10 Timer 04:00
2 Plays Today
Starts Player % Correct
128Russell Wilson
97.6%
131Matt Hasselbeck
90.2%
14Tarvaris Jackson
62.9%
14Seneca Wallace
42.9%
4Charlie Whitehurst
35.6%
27Jon Kitna
32.2%
12Trent Dilfer
27.3%
4Brock Huard
12.1%
1Charlie Frye
11.3%
1Glenn Foley
5.7%

You're not logged in!

Compare scores with friends on all Sporcle quizzes.
OR
Log In

Sporcle TV

Today on Sporcle TV


Watch our educational content, quiz creation guides, and fun videos on Sporcle TV.

Show Comments

Extras

Top Quizzes Today


Score Distribution

Paid Content

Your Account Isn't Verified!

In order to create a playlist on Sporcle, you need to verify the email address you used during registration. Go to your Sporcle Settings to finish the process.

Report this User

Report this user for behavior that violates our Community Guidelines.

Details: